000 00513nam a2200193Ia 4500
003 OSt
005 20250726092036.0
008 210210b2013 xxu||||| |||| 00| 0 eng d
020 _a9780198090403
040 _aAL
_c
041 _aeng
082 _a230 ROBB
100 _aRowena Robinson
_934559
245 _aBoundaries of religion
_b: Essays on christianity ethnic conflict and violence
260 _aNew Delhi
_bOxford University Press
_c2013
300 _axx,299p
906 _a067747
942 _2ddc
_cBK
999 _c151238
_d151238